Dívka před domem. Juraj Gábor
| Main Authors: | , , , |
|---|---|
| Format: | Book |
| Language: | Czech English Slovak |
| PhysicalDescription: | [26] s. fotogr. 30 cm |
| Published: |
[Žilina]
Truc sphérique
2014
|
| ISBN: | 9788096939299 (brož.) |
| Edition: | 1. vyd. |
| Subjects: |
MARC
| LEADER | 00000nam a2200000 a 4500 | ||
|---|---|---|---|
| 001 | vtls010655392 | ||
| 003 | SK-MaSNL | ||
| 005 | 20260425230220.0 | ||
| 008 | 160430s2014 xo o g c 000 0dcze | ||
| 015 | |a SNBE2015 | ||
| 020 | |a 9788096939299 (brož.) |z 97880969339299 | ||
| 040 | |a SNK |b slo |c SNK |e AACR2 | ||
| 041 | 0 | |a cze |a eng |a slo | |
| 043 | |a e-xo--- | ||
| 044 | |a xo |c SK | ||
| 072 | 7 | |a 72/76 |x Výtvarné umenie |2 konspekt | |
| 080 | |a 72/76(437.6) |2 2001 | ||
| 080 | |a 7.038.53 |2 2001 | ||
| 080 | |a 72/76:159.931 |2 2001 | ||
| 080 | |a 7.038.544 |2 2001 | ||
| 080 | |a 7.038.55 |2 2001 | ||
| 080 | |a (437.6) |2 2001 | ||
| 080 | |a (083.824) |2 2001 | ||
| 245 | 0 | 0 | |a Dívka před domem. Juraj Gábor |c [texty Lucie Šmardová ... [et al.]] |
| 246 | 1 | 1 | |a A Girl in front of a house |
| 250 | |a 1. vyd. | ||
| 260 | |a [Žilina] |b Truc sphérique |c 2014 | ||
| 300 | |a [26] s. |b fotogr. |c 30 cm | ||
| 366 | |e 500 výt. | ||
| 500 | |a Životopisné dáta, prehľad výstav | ||
| 500 | |a Miesto výstavy: Baťův institut, Budova 14,1. a 2. np., 14/15, Vavrečkova 7040, Zlín, trvanie 24.11.-31.12.2014 | ||
| 546 | |a Súbežný text angl. a čiast. text slov. | ||
| 600 | 1 | 7 | |a Gábor, Juraj, |d 1985- |2 SNKMA |9 419469 |
| 648 | 7 | |a 21. stor. |2 SNKPH |9 304714 | |
| 648 | 7 | |a 21st century |2 SNKPHeng |9 303236 | |
| 650 | 0 | 7 | |a slovenské umenie |2 SNKPH |9 3001 |
| 650 | 0 | 7 | |a multimediálne umenie |2 SNKPH |9 2877 |
| 650 | 0 | 7 | |a vizuálne umenie |2 SNKPH |9 69925 |
| 650 | 0 | 7 | |a objekty (umenie) |2 SNKPH |9 90587 |
| 650 | 0 | 7 | |a inštalácie (umenie) |2 SNKPH |9 90588 |
| 650 | 0 | 7 | |a Slovak art |2 SNKPHeng |9 275442 |
| 650 | 0 | 7 | |a Multimedial art |2 SNKPHeng |9 323304 |
| 650 | 0 | 7 | |a Visual art |2 SNKPHeng |9 312006 |
| 650 | 0 | 7 | |a Objects (art) |2 SNKPHeng |9 183931 |
| 650 | 0 | 7 | |a Installations (art) |2 SNKPHeng |9 131920 |
| 651 | 7 | |a Slovensko |2 SNKPH |9 14231 | |
| 651 | 7 | |a Slovakia |2 SNKPHeng |9 92630 | |
| 655 | 7 | |a katalógy výstav |2 SNKPH |9 70445 | |
| 655 | 7 | |a Exhibition catalogs |2 SNKPHeng |9 266232 | |
| 700 | 1 | |a Šmardová, Lucie |4 aut |9 419470 | |
| 700 | 1 | |a Menšíková, Veronika |4 aut |9 419471 | |
| 700 | 1 | |a Kralovič, Ján, |d 1984- |4 aut |9 159984 | |
| 700 | 1 | |a Gábor, Juraj |4 aut |9 419472 | |
| 919 | |a 978-80-969392-9-9 | ||
| 999 | |c 669604 |d 671534 | ||
| 952 | |a SNK |b SNK |y PREZ |7 0 |p 17A1138879 |o snkOSB 17856 |i snk2015/5891 |8 0 |0 0 |1 0 |4 0 |d 2015-02-18 |l 0 |r 2026-02-23 19:22:40 |w 2026-02-23 | ||
| 952 | |a SNK |b SNK |y VYP |7 0 |p 17A1138878 |o snkOSB 17856 D1 |i snk2015/5892 |8 0 |0 0 |1 0 |4 0 |d 2015-02-18 |l 0 |r 2026-02-23 19:22:40 |w 2026-02-23 | ||


